[Event "RUS-chB U18"]
[Site "Dagomys"]
[Date "2009.04.17"]
[Round "3"]
[White "Emelianova, Ekaterina"]
[Black "Pershina, Elena"]
[Result "1/2-1/2"]
[WhiteElo "1813"]
[BlackElo "1976"]
[PlyCount "80"]
[EventDate "2009.04.15"]
[EventType "swiss"]
[EventRounds "9"]
[EventCountry "RUS"]
[SourceTitle "EXT 2010"]
[Source "ChessBase"]
[SourceDate "2010.11.25"]
[SourceVersion "1"]
[SourceVersionDate "2010.11.25"]
[SourceQuality "1"]

1. c4 c5 2. Nc3 Nc6 3. g3 g6 4. Bg2 Bg7 5. e3 e6 6. Nge2 Nge7 7. 0-0 0-0 8. d4 cxd4 9. Nxd4 d5 10. cxd5 Nxd5 11. Nxd5 exd5 12. Qb3 Nxd4 13. exd4 Qb6 14. Qxb6 axb6 15. Be3 Be6 16. Rfc1 Ra4 17. b3 Ra3 18. Rc7 Rfa8 19. Rxb7 Rxb3 20. Rb8+ Rxb8 21. axb3 h5 22. h4 Bf6 23. Bf3 Kg7 24. Kf1 Rc8 25. Ra6 Bd8 26. Bd1 Rc3 27. Ke2 Bf5 28. Ra2 Be7 29. Kf1 Bh3+ 30. Kg1 Bf5 31. Kh2 Bf6 32. Kg2 Be4+ 33. Kh2 Bf5 34. Kg2 Bd3 35. Kg1 Be4 36. Kh2 Be7 37. Kg1 Bf6 38. Kf1 Be7 39. Kg1 Bf6 40. Kf1 Be7 1/2-1/2